| 000 | 00626nam a22002415a 4500 | ||
|---|---|---|---|
| 001 | 002999 | ||
| 003 | armpunfd | ||
| 005 | 20150624190555.0 | ||
| 008 | 140918s1976####ag############000#0#und#d | ||
| 080 | _a347.738 R 391 | ||
| 245 | 1 | 0 | _aSistema de Recursos Concursales / |
| 260 |
_aBuenos Aires : _bAstrea, _c1976. |
||
| 300 | _a122, P. | ||
| 650 | 7 |
_aConcurso Preventivo _2LEMB |
|
| 650 | 7 |
_aQuiebra Indirecta _2LEMB |
|
| 650 | 7 |
_aQuiebra _2LEMB |
|
| 651 | _2LEMB | ||
| 700 | 1 | _aRichard, Efrain Hugo. | |
| 700 | 1 | _aRomero Moroni, Jose ignacio. | |
| 945 | _d2014-09-18 | ||
| 945 |
_acd _d2014-09-18 |
||
| 999 |
_c3352 _d233856 |
||